Normal view
MARC view
- Venus (Planet)
Entry Geographic Name
001 - CONTROL NUMBER
- control field: 12782
003 - CONTROL NUMBER IDENTIFIER
- control field: NUST
005 - DATE AND TIME OF LATEST TRANSACTION
- control field: 20181222072945.0
008 - FIXED-LENGTH DATA ELEMENTS
- fixed length control field: 181222|| aca||aabn | a|a d
040 ## - CATALOGING SOURCE
- Original cataloging agency: NUST
- Transcribing agency: NUST
151 ## - HEADING--GEOGRAPHIC NAME
- Geographic name: Venus (Planet)
- General subdivision: Observers' manuals.
670 ## - SOURCE DATA FOUND
- Source citation: Work cat.: (NUST)0: Rükl, Antonín. 12779, Moon, Mars and Venus :, 1976.
